000 00547nam a2200217 4500
003 OSt
005 20260601171005.0
008 260508b1994\\\\|||ao|||\||||\00|\0\spa\d
020 _a9686781099
040 _aICI
_bspa
_cICI
050 0 _aTS28
_bD57
245 1 _aDiseño Mexicano Industrial y Gráfico 2
250 _a1a ed.
264 _bCODIGRAM
_c1994
_aMéxico
300 _a160 páginas
336 _atexto
_2rdacontent
337 _asin medio
_2rdamedia
338 _avolumen
_2rdacarrier
650 _aDiseño
_92672
942 _2lcc
_cB
_n1
999 _c20253
_d20253